000 00755nam a2200265Ia 4500
003 OSt
005 20221005081225.0
006 a|||||r|||| 00| 0
007 ta
008 221004b |||||||| |||| 00| 0 eng d
020 _a0876924488
024 _a74391
037 _cTextual
040 _aCRL
_cCRL
_beng
041 _2eng
_aeng
082 _aO111,3M35,HF:g, L7
100 _aBradley Sculley and others Ed.
_9610885
245 0 _aAdventures of Huckleberry Finn
250 _a2nd
260 _aNew Delhi
_bPrentice-Hall of India Private Limited India
_c1977
300 _a452p
_ccm.
650 _aENGLISH LITERATURE
942 _hO111,3M35,HF:g, L7
_cTEXL
_2cc
999 _c987363
_d987363